|
|
|
|
| LEADER |
01015ncm a22002532a 4500 |
| 001 |
001296144 |
| 003 |
CZ BrMZK |
| 005 |
20151008132518.0 |
| 007 |
qu |
| 008 |
130524s1947 xr |||||||||||||||||cze d |
| 040 |
|
|
|a BOA001
|b cze
|
| 072 |
|
7 |
|a 784
|x Vokální hudba
|2 Konspekt
|9 9
|
| 100 |
1 |
|
|a Bakala, Břetislav,
|d 1897-1958
|7 jn20000728016
|4 cmp
|
| 245 |
1 |
0 |
|a Z našeho Slovácka
|h [hudebnina] :
|b čtyři písně pro ženský sbor s průvodem klavíru /
|c Břetislav Bakala
|
| 260 |
|
|
|a V Brně :
|b Rovnost,
|c 1947
|
| 300 |
|
|
|a 1 partitura (11 s.)
|
| 490 |
1 |
|
|a Nové české skladby ;
|v č. 2
|
| 505 |
0 |
0 |
|t Bože, Bože, Otče můj --
|t Co to tam šupoce --
|t Dojdi, Jano, k nám --
|t Čerešničky
|
| 830 |
|
0 |
|a Nové české skladby
|
| 910 |
|
|
|a BOA001
|b Mus4-0192.186,2
|
| 990 |
|
|
|a MU
|
| 991 |
|
|
|b 201305
|
| 996 |
6 |
|
|b 2619563614
|c Mus4-0192.186,2
|l MZK
|r Sklad / do 1 hodiny
|n 0
|w 001330745
|u 000020
|a 1
|e BOA001
|j MZK50
|s P
|
| 996 |
7 |
|
|b 2619563615
|c Mus4-0192.186,2
|l MZK
|r Sklad / do 1 hodiny
|n 0
|w 001330745
|u 000010
|a 1
|e BOA001
|j MZK50
|s A
|